The Hollow (Record no. 4971)
[ view plain ]
| 000 -LEADER | |
|---|---|
| fixed length control field | 00564 a2200157 4500 |
| 022 ## - INTERNATIONAL STANDARD SERIAL NUMBER | |
| International Standard Serial Number | 0007121024 |
| 082 ## - DEWEY DECIMAL CLASSIFICATION NUMBER | |
| Classification number | 823.912 |
| 090 ## - LOCALLY ASSIGNED LC-TYPE CALL NUMBER (OCLC); LOCAL CALL NUMBER (RLIN) | |
| -- | 1007 |
| -- | 1007 |
| 100 ## - MAIN ENTRY--PERSONAL NAME | |
| Personal name | Christie, Agatha. |
| 245 ## - TITLE STATEMENT | |
| Title | The Hollow |
| Statement of responsibility, etc. | Agatha Christie |
| 260 ## - PUBLICATION, DISTRIBUTION, ETC. | |
| Place of publication, distribution, etc. | England: , |
| Name of publisher, distributor, etc. | HarperCollins Publishers Ltd |
| Date of publication, distribution, etc. | 1955. |
| 300 ## - PHYSICAL DESCRIPTION | |
| Extent | 232 p. ; |
| Other physical details | 20 cm. |
| 500 ## - GENERAL NOTE | |
| General note | Includes Index |
| 650 ## - SUBJECT ADDED ENTRY--TOPICAL TERM | |
| Topical term or geographic name entry element | 1.Christie, Agatha, 1890-1976--Criticism and interpretation.2.Detective and mystery stories, English--History and criticism.3.Women and literature--England--History--20th century. |
| 942 ## - ADDED ENTRY ELEMENTS (KOHA) | |
| Koha item type | Book |
| Call number prefix | 823.912 CHR |
| Withdrawn status | Lost status | Damaged status | Not for loan | Collection code | Permanent Location | Current Location | Shelving location | Date acquired | Source of acquisition | Cost, normal purchase price | Total Checkouts | Total Renewals | Full call number | Barcode | Date last seen | Date last checked out | Price effective from | Koha item type | Source of classification or shelving scheme |
|---|---|---|---|---|---|---|---|---|---|---|---|---|---|---|---|---|---|---|---|
| Central Library (CL) | Central Library (CL) | Fiction | 11/08/2004 | Saeed Book Bank | 175.50 | 2 | 4 | 823.912 CHR | SEECS005025 | 01/12/2022 | 02/04/2016 | 01/05/2017 | Book | ||||||
| Central Library (CL) | Central Library (CL) | Fiction | 09/26/2019 | 1 | 823.912 CHR | SEECS005026 | 08/12/2020 | 12/02/2019 | 09/26/2019 | Book |
